000 00308nam a22001337a 4500
008 260223b ||||| |||| 00| 0 eng d
020 _a99510500
041 _aShqip
080 _a321.7
100 _a20.1
101 _aletrare
245 _aDemokracia, Kombi, Vetëvendosja
_cFehmi Agani
942 _2lcc
_cBK
999 _c60842
_d60842